Sports Quiz

Random Sports Quiz

Top Ten Goalkeepers of all Time Quiz Stats

Quiz not verified by Sporcle

Challenge
Share
Tweet
Embed
Score 0/10 Timer 05:00
0 Plays Today
Nationality Goalkepper % Correct
DENSchmeichel
93.8%
ITABuffon
93.8%
GERKahn
91.3%
USSRYashin
81.3%
ITAZoff
80%
ENGShilton
76.3%
ENGBanks
62.5%
GERMaier
55%
NIRJennings
37.5%
GERTrautmann
5%

You're not logged in!

Compare scores with friends on all Sporcle quizzes.
Sign Up with Email
OR
Log In

You Might Also Like...

Show Comments

Extras

Top Quizzes Today


Score Distribution

Your Account Isn't Verified!

In order to create a playlist on Sporcle, you need to verify the email address you used during registration. Go to your Sporcle Settings to finish the process.